|
|
|
|
| LEADER |
00825nam a2200265 4500 |
| 001 |
DLU210196105 |
| 005 |
##20210416 |
| 040 |
# |
# |
|a DLU
|b vie
|
| 041 |
# |
# |
|a vie
|
| 044 |
# |
# |
|a vn
|
| 100 |
# |
# |
|a Nguyễn Nhâm.
|
| 245 |
# |
# |
|a Chính sách Trung Đông của Mỹ dưới thời Tổng thống Donald Trump /
|c Nguyễn Nhâm.
|
| 653 |
# |
# |
|a Chiến lược
|
| 653 |
# |
# |
|a Jerusalem
|
| 653 |
# |
# |
|a Syria
|
| 653 |
# |
# |
|a Tổng thống Donald Trump
|
| 773 |
# |
# |
|t Châu Mỹ ngày nay
|g Số 6(243), 2018, tr. 3-11
|
| 920 |
# |
# |
|a Phòng Tạp chí -- Trung tâm Thông tin - Thư viện Trường Đại học Đà Lạt
|
| 900 |
# |
# |
|a True
|
| 911 |
# |
# |
|a Nguyễn Thị Thu Phương
|
| 925 |
# |
# |
|a G
|
| 926 |
# |
# |
|a A
|
| 927 |
# |
# |
|a BB
|
| 980 |
# |
# |
|a Thư viện Trường Đại học Đà Lạt
|